Soviet Russia

Gardado en:
Detalles Bibliográficos
Autor Principal: Miller, Jacob
Formato: Libro
Idioma:Undetermined
Publicado: London Hutchinson's University Library 1955
Các nhãn: Engadir etiqueta
Sen Etiquetas, Sexa o primeiro en etiquetar este rexistro!
Thư viện lưu trữ: Trung tâm Học liệu Trường Đại học Cần Thơ
LEADER 00433nam a2200169Ia 4500
001 CTU_86867
008 210402s9999 xx 000 0 und d
082 |a 914.7 
082 |b M647 
100 |a Miller, Jacob 
245 0 |a Soviet Russia 
245 0 |c Jacob Miller 
260 |a London 
260 |b Hutchinson's University Library 
260 |c 1955 
904 |i Nguyên 
980 |a Trung tâm Học liệu Trường Đại học Cần Thơ